000 00377 a2200109 4500
001 ART_12045
005 20260410161902.0
008 260409a
245 1 0 _aOn the possibility of an inverse relationship betwen tax rates and government revenues
100 1 _aFullerton, Don
773 0 _tJournal of public economics
_g- Vol. 19, NÂș 1 (oct. 1982)
_wREV11485
999 _c26021
_d26021